000 00563nam a2200229Ia 4500
003 OSt
005 20220912144336.0
006 a|||||r|||| 00| 0
007 ta
008 220909b |||||||| |||| 00| 0 eng d
020 _aSL0513374
024 _a196120
037 _cTextual
040 _aCSL
_beng
_cCSL
041 _aeng
082 _aY72:3(Q)0aS:813, L3
100 _aHarner M J
245 0 _aHallucinogens and shamanism
700 _aHarner M J
942 _hY72:3(Q)0aS:813, L3
_cTEXL
_2CC
999 _c5492
_d5492